000 00677nam a2200289Ia 4500
005 20260324141333.0
008 008 260324s9999 xx 000 0 eng d
020 _a9780203699911
037 _aEBOOK
040 _aCRL
040 _beng
040 _cCRL
041 _2eng
041 _aeng
084 _qCRL
100 _aAnn Pellegrini
_91207816
245 0 _aPerformance Anxieties
245 0 _bStaging Psychoanalysis, Staging Race
260 _bTaylor and Francis
260 _c1997
365 _a
365 _b180
856 _uhttp://www.taylorfrancis.com/books/9780203699911
942 _cEBOOK
999 _c1810786
_d1810786